| 000 | 00000nam##2200000za#4500 |
| 001 | 9.688622 |
| 003 | CaOODSP |
| 005 | 20210624231520 |
| 007 | cr ||||||||||| |
| 008 | 150407|2006||||xxc|||||o f|0| 0 eng|d |
| 020 | |a0-662-43775-6 |
| 040 | |aCaOODSP|beng |
| 043 | |an-cn--- |
| 086 | 1 |aHS28-56/2006E-PDF |
| 110 | 1 |aCanada. |bHuman Resources and Social Development Canada. |
| 245 | 10|aFormative and summative evaluation of Nunavut benefits and measures delivered under the Canada-Nunavut Labour Market Development Agreement - final report |h[electronic resource] |
| 260 | |aOttawa - Ontario : |bHuman Resources and Social Development Canada |c2006. |
| 590 | |a13-08-Supp|b2013-04-02 |
| 690 | 07|aFederal provincial agreements|2gcpds |
| 775 | 08|tÉvaluation formative et sommative des Prestations et mesures du Nunavut offertes en vertu de l'Entente sur le développement du marché du travail entre le Canada et le Nunavut - rapport final |w(CaOODSP)9.633044 |
| 856 | 40|ahttp://publications.gc.ca|qPDF|s229 KB|uhttps://publications.gc.ca/collections/collection_2013/rhdcc-hrsdc/HS28-56-2006-eng.pdf |
| 986 | |aSP-AH-680-06-05E |